College Football Matchups: Purdue - Statistics

General Stats
  • This quiz has been taken 140 times
    33 since last reset
  • The average score is 12 of 16
Answer Stats
Games Opponent Subdivision % Correct
127 Indiana Power 4
100%
62 Michigan Power 4
100%
69 Michigan State Power 4
97%
90 Northwestern Power 4
97%
89 Notre Dame Power 4
97%
61 Ohio State Power 4
97%
80 Minnesota Power 4
93%
101 Illinois Power 4
90%
94 Iowa Power 4
90%
21 Penn State Power 4
90%
91 Wisconsin Power 4
90%
13 Nebraska Power 4
73%
12 Butler FCS
37%
11 Washington Power 4
30%
10 Missouri Power 4
27%
13 Miami (OH) Group of 5
13%
No matching quizzes found
Score Distribution
Percent of People with Each Score
Percentile by Number Answered
Your Score History
You have not taken this quiz since the last reset